000
00289nam a22001337a 4500
008
171031b xxu||||| |||| 00| 0 eng d
020
_a
9780324640960
041
_a
eng
080
_2
5 ED
_a
33
100
_a
58
101
_a
BUS
245
_a
BUSINESS LAW
_c
MILLER.R.L
942
_2
udc
_c
BK
999
_c
36718
_d
36718